学校名からアニメを当てる - Statistics

General Stats
  • This quiz has been taken 9 times
  • The average score is 13 of 51
Answer Stats
Hint Answer % Correct
呪術高専 呪術廻戦
89%
椚が丘中学校 暗殺教室
78%
烏野高校 ハイキュー!!
78%
常盤台中学校 とある科学の超電磁砲
56%
魔法大学付属第一高校 魔法科高校の劣等生
56%
秀知院学園 かぐや様は告らせたい
56%
雛見沢分校 ひぐらしのなく頃に
56%
桜が丘女子高校 けいおん!
44%
北高校 涼宮ハルヒの憂鬱
44%
雄英高校 僕のヒーローアカデミア
44%
高度育成高等学校 ようこそ実力至上主義の教室へ
44%
陵桜学園 らき☆すた
33%
悪魔学校バビルス 魔入りました!入間くん
33%
峯ヶ原高校 青春ブタ野郎はバニーガール先輩の夢を見ない
33%
旭丘分校 のんのんびより
33%
PK学園 斉木楠雄のψ難
33%
神山高校 氷菓
33%
湘北高校 SLAM DUNK
33%
見滝原中学校 魔法少女まどか☆マギカ
22%
時定高校 日常
22%
清澄高校
22%
希望ヶ峰学園 ダンガンロンパ
22%
七森中学校 ゆるゆり
22%
トレセン学園 ウマ娘プリティダービー
22%
箱庭学園 めだかボックス
22%
巡ヶ丘学院 がっこうぐらし!
22%
横須賀女子海洋学校 ハイスクール・フリート
22%
榊野学園 SchoolDays
22%
アッシュフォード学園 コードギアス
11%
白皇学院 ハヤテのごとく!
11%
直江津高校 化物語
11%
桜才学園 生徒会役員共
11%
音ノ木坂学院 ラブライブ!
11%
荒矢田高校 干物妹!うまるちゃん
11%
百花王学園 賭ケグルイ
11%
北宇治高校 響け!ユーフォニアム
11%
本栖高校 ゆるキャン△
11%
日野南高校 しかのこのこのここしたんたん
11%
スターライト学園 アイカツ!
11%
遠月茶寮料理學園 食戟のソーマ
11%
栄明高校 アオノハコ
11%
聖クロニカ学園 僕は友達が少ない
11%
凡矢理高校 ニセコイ
11%
彩南高校 To Loveる
11%
陽東高校 【推しの子】
0%
昂陵高校 這いよれ!ニャル子さん
0%
総武高校 やはり俺の青春ラブコメはまちがっている。
0%
かもめ学園 地縛少年花子くん
0%
大橋高校 とらドラ!
0%
王子高校 ブルーピリオド
0%
天上学園 Angel Beats!
0%
No matching quizzes found
Score Distribution
Percent of People with Each Score
Percentile by Number Answered
Your Score History
You have not taken this quiz